01125 a2200217 45000010006000000050017000060080041000230030015000640400040000790800035001192450039001540200022001932500012002152640038002273000019002655050479002840410008007631000016007717000021007878560099008086063520260407155858.0260407a2000 arg spa dAR-UNSa-BCEJYS aAR-UNSa-BCEJYSbspacAR-UNSa-BCEJYS a657.47xContabilidad de Costos10aContabilidad y gestión de costes a978-84-8088-511-9 a3a. ed. 1aBarcelona :bGestión 2000c2000 a321 p.c23 cm. a1. Introducción - 2. Sistema de cálculo de costes: Costes parciales – 3. Sistema de cálculo de costes: Costes por pedido – 4. Sistemas de cálculo de costes: Coste completo – 5. Sistemas de cálculo de costes: Costes basado en las actividades – 6. Confección de presupuesto y costes estándar – 7. Cálculo y análisis de desviaciones – 8. Gestión de costes para la toma de decisiones – 9. Nuevas tendencias en el cálculo y gestión de costes aspa1 aAmat, Oriol1 aSoldevila, Pilar41uhttps://www.biblioeco.unsa.edu.ar/pmb/images/libros/L129284.jpgyImagen de portadaqimage/jpeg